| 000 | 01136nam a2200277 a 4500 | ||
|---|---|---|---|
| 001 | 000023844 | ||
| 005 | 20250621074007.0 | ||
| 008 | 110114s1979 dr a 000 e spa d | ||
| 040 |
_aDO-SdBNP _bspa _cBNPHU |
||
| 082 |
_a972.93 _bC531a |
||
| 100 | 1 |
_aChez Checo, José, _d1949- _910145 |
|
| 245 | 1 | 0 |
_aAzucar, encomiendas y otros ensayos históricos / _cJosé Chez Checo, Rafael Peralta Brito. |
| 260 |
_aSanto Domingo : _bFundación García-Arévalo, Inc, _c1979. |
||
| 300 |
_a218 p. : _bil. ; _c20 cm. |
||
| 490 | 1 |
_aInvestigación; _v10 |
|
| 500 | _aIncluye datos biográficos de los autores en la contraportada. | ||
| 504 | _aIncluye referencias bibliográficas y notas al pie de las páginas. | ||
| 504 | _aBibliografía: p.215 | ||
| 650 | 4 |
_aIndustria azucarera _zRepública Dominicana _xHistoria _9202 |
|
| 651 | 4 |
_aRepública Dominicana _xHistoria _9170 |
|
| 651 | 4 |
_aRepública Dominicana _xCondiciones Económicas _9281 |
|
| 651 | 0 |
_aRepública Dominicana _xPolítica y gobierno _945 |
|
| 700 | 1 | 2 |
_aPeralta Brito, Rafael, _d1949- _949059 |
| 830 | 0 |
_aInvestigación; _n10 _949060 |
|
| 910 | _aValidado. Control de calidad MFF | ||
| 999 |
_c23340 _d23340 |
||